01096nam a2200241 a 450000100100000000500170001000800410002702000150006804000250008324501500010826000720025830000320033049000340036250400320039650400730042870000460050170000410054770000320058871000710062083000410069195201050073299900170083700004116320201002034654.0130920s1990 sp 000 0 spa d a8400070569 aDO-SdBNPbspacBNPHU03aLa ciencia y su público :bPerspectivas históricas /ccompiladores Javier Ordóñez ; Alberto Elena ; traductores Mariano Colubi...[et.al]. aMadrid :bConsejo Superior de Investigaciones Científicas,c1990. aXV, 443 p. :bil. ;c22 cm.1 aEstudios sobre la cienciav12 aBibliografía : p. 442-443 aIncluye referencias bibliográficas y notas al pie de las páginas1 aOrdóñez, Javier Odón,ecomp.9677161 aaElena, Albertod1958-ecomp.9677171 aColubi, Marianoetr.9677182 aConsejo Superior de Investigaciones Científicas(España)967719 0aEstudios sobre la cienciav12938739 001050718MOaGRbGRcCTd2013-09-20iLF1l0o p41163-10r2020-06-25w2020-06-25y1ZNo se presta c40653d40653